000 00222 a2200097 4500
001 58360
100 _a
245 _aSoviet union ka zawal
260 _aIslamabad
_bInstitute of Policy Studies
_c260
090 _c35849
_d35849
942 _aNUST-CAE
_c
_c28723
999 _c293433
_d293433